000 00519nam a22001697a 4500
005 20170707100933.0
010 _aENG-119126
020 _a97789380536453
_c150.00
035 _aEN-102658
037 _bDBAD/PUB
082 _a323.4420954
245 _aIn dark times :
_bvoices against intolerance /
260 _aNew Delhi
_bSahmat
_c2016
270 _aSafdar Hashmi Mamorial Trust 29 Ferozshah Road
_bNew Delhi
_e110001
300 _a152p. :
_bill.
_c22cm(pbk)
942 _2ddc
_cEN
_h323.4420954
_mDAR
999 _c142340
_d142340